000 00617nam a2200181Ia 4500
008 090630s9999 xx 000 0 und d
082 _b28248
100 _aनाईक संजय.
245 _aदुनिया एक हॉस्टेल.
_cनाईक संजय.
260 _bमेघना- पुणे.
_c2007
300 _a168
600 _aनाईक संजय.
630 _aदुनिया एक हॉस्टेल.
655 _aकादंबरी.
700 _aनाईक संजय.
730 _aदुनिया एक हॉस्टेल.
942 _cBOOK
999 _c280104
_d280104